OPAC Home

Proceedings of the 18 Annual Sessions of the Ceylon Muslim League (Record no. 100357)

MARC details
000 -LEADER
fixed length control field 00519nam a2200169Ia 4500
003 - CONTROL NUMBER IDENTIFIER
control field LK-CoDNM
005 - DATE AND TIME OF LATEST TRANSACTION
control field 20240926091300.0
008 - FIXED-LENGTH DATA ELEMENTS--GENERAL INFORMATION
fixed length control field 010623t1944 xxu||||| |||| 00| 1 eng d
040 ## - CATALOGING SOURCE
Original cataloging agency LK-CoDNM
Modifying agency LK-CoDNM
Description conventions LK-CoDNM
041 ## - LANGUAGE CODE
Language code of text/sound track or separate title English
080 ## - UNIVERSAL DECIMAL CLASSIFICATION NUMBER
Universal Decimal Classification number 22
Item number E39.1
942 ## - ADDED ENTRY ELEMENTS (KOHA)
Koha item type Books
245 ## - TITLE STATEMENT
Title Proceedings of the 18 Annual Sessions of the Ceylon Muslim League
246 ## - VARYING FORM OF TITLE
Title proper/short title procidings of the 18 anuual sesions of the ceylon muslim language
260 ## - PUBLICATION, DISTRIBUTION, ETC. (IMPRINT)
Name of publisher, distributor, etc. The Ceylon stationaries
Date of publication, distribution, etc. 1944
Place of publication, distribution, etc. Colombo
300 ## - PHYSICAL DESCRIPTION
Other physical details 29p. ; 28 cm
Holdings
Withdrawn status Lost status Damaged status Not for loan Collection code Permanent Location Current Location Shelving location Date acquired Full call number Barcode Koha item type
    Damaged   Old Books Collection Library National Museum Colombo - Sri Lanka Library National Museum Colombo - Sri Lanka Reference 2024-09-24 22 E39.1 OJP1701-3 Books
Copyright © 2023 Department of National Museum, Colombo 07, Sri Lanka Funded by UNESCO IFAP UNESCO